00827nam a2200157 a 450000100060000000300090000600800410001504000280005608200170008410000340010124500540013526000270018930000080021650503920022465000530061622598CO-ViMGA141112s2004 ck r 000 u spa d aCO-ViMGAbspacCO-ViMGA04a343.03 R377e1 aRestrepo Correa, León Jairo10aEnfoque jurídico del control fiscal en colombia aBogotá.Leyer, c2001 a292 aFundamentos constitucional del control fiscal en colombia 14 - 29 - - Ley 610 de 2000 32 - 56 - - El control fiscal y la participación ciudadana 32 - 56 - - Auditoria al aseguramiento de los bienes y obras 69 - 74 - - Control fiscal a las empresas de servicios públicos domiciliarios 75 - 86 - - Otras posiciones frente a la naturaleza del proceso de responsabilidad fiscal 89 - 95 14aAUDITORIA FISCAL - ASPECTOS JURIDICOS - COLOMBIA